¿Existe algún país que...? - ¡Muerte súbita! - Estadísticas

Estadísticas generales
  • Esta prueba ha sido intentada 1.817 veces
  • La puntuación promedio es 4 de 21
Answers on the Grid
Answers color-coded by a green-red scale on the quiz's grid according to % correct below.
...tiene más de mil millones de habitantes
...empieza por la letra Y
...tiene una capital que empieza por la letra E
...tiene una bandera no cuadrangular
...no tiene capital oficial
...tiene una densidad de población superior a la de Nueva York
...limita con al menos 14 estados
... forma parte de la Unión Europea, pero no de la OTAN
... tiene más de un millón de soldados
... tiene más de 200 000 km de costa marítima
...no tiene salida al mar
...tiene la misma letra inicial que la capital
...domina al menos 2 océanos
...ingresó en la ONU en el siglo XXI
...ha sido sede de los Juegos Olímpicos de Verano y de Invierno
...tiene una capital de menos de 500 habitantes
...tiene una capital por debajo del nivel del mar
...tiene el color morado en su bandera
...no tiene aeropuertos
... tiene al menos 60 sitios de la UNESCO
...está atravesada por los Alpes y los Pirineos
...está atravesado tanto por el Ecuador como por el meridiano de Greenwich
...ha ganado al menos 6 Copas del Mundo de Fútbol
...limita con Alemania y Rumanía
... tiene al menos un millón de islas
... está atravesado por al menos 13 husos horarios
... empieza por la letra X
... tiene una capital que empieza por la letra X
... tiene una altitud media de más de 3 000 metros
...tiene la capital más septentrional del Círculo Polar Ártico
...termina en «stan» pero no está situado en Asia
...tiene una mayúscula de sólo 3 letras
...tiene una esperanza de vida inferior a 30 años
...está atravesada por el Danubio y el Volga
...tiene 4 capitales
...ha ganado al menos 2000 medallas de oro en los Juegos Olímpicos
...tiene una bandera de un solo color
...tiene una superficie mayor que la Luna
...tiene una tasa de fertilidad superior a 8 hijos por mujer
...ha ganado al menos 15 Óscar a la mejor película internacional
...entró en la Unión Europea en 1946
...tiene una edad media de al menos 55 años
 
Estadísticas de respuestas
Respuesta % Correcto
...no tiene salida al mar
31%
...empieza por la letra Y
29%
...domina al menos 2 océanos
26%
...tiene una bandera no cuadrangular
24%
...tiene la misma letra inicial que la capital
23%
...no tiene aeropuertos
21%
...tiene una capital que empieza por la letra E
21%
... forma parte de la Unión Europea, pero no de la OTAN
20%
...ingresó en la ONU en el siglo XXI
18%
...está atravesada por los Alpes y los Pirineos
17%
...ha sido sede de los Juegos Olímpicos de Verano y de Invierno
17%
...tiene más de mil millones de habitantes
17%
... tiene más de un millón de soldados
16%
...tiene una densidad de población superior a la de Nueva York
16%
...tiene el color morado en su bandera
14%
... tiene más de 200 000 km de costa marítima
13%
...tiene una capital por debajo del nivel del mar
12%
...tiene una capital de menos de 500 habitantes
11%
...no tiene capital oficial
9%
... tiene al menos 60 sitios de la UNESCO
8%
...limita con al menos 14 estados
7%
No se encontraron pruebas coincidentes
Distribución de puntuación
Porcentaje de gente con cada puntuación
Porcentaje por número respondido
Historial de tus puntuaciones
No has intentado esta prueba.